Statutes and conventions on private international law
| Main Author: | |
|---|---|
| Format: | Book |
| Published: |
London :
Cavendish Publishing ,
1996
|
| Subjects: |
MARC
| LEADER | 00000cam a2200000 7i4500 | ||
|---|---|---|---|
| 001 | 0000033620 | ||
| 005 | 20121016093000.0 | ||
| 020 | |a 1859410340 | ||
| 050 | 0 | 0 | |a d17 K7053.3 |b .C52 1996 |
| 090 | 0 | 0 | |a d17 K7053.3 |b .C52 1996 |
| 100 | 1 | |a Chuah, Jason , |e author | |
| 245 | 1 | 0 | |a Statutes and conventions on private international law |c Jason Chuah |
| 246 | 3 | 0 | |a Private international law |
| 260 | 2 | |a London : |b Cavendish Publishing , |c 1996 | |
| 300 | |a viii, 327 p. ; |c 24 cm. | ||
| 650 | 0 | |a Conflict of laws | |
| 999 | |a 1000067966 |b Book |c OPEN SHELF (30 DAYS) |e Gong Badak Campus | ||